<?xml version="1.0" encoding="UTF-8"?>
<collection xmlns="http://www.loc.gov/MARC21/slim">
 <record>
  <leader>03359cam a22005172 c4500</leader>
  <controlfield tag="001">029417686</controlfield>
  <controlfield tag="003">DE-627</controlfield>
  <controlfield tag="005">20241211145611.0</controlfield>
  <controlfield tag="007">tu</controlfield>
  <controlfield tag="008">860821s1987    sz |||||      00| ||ger c</controlfield>
  <datafield tag="020" ind1=" " ind2=" ">
   <subfield code="a">0197260535</subfield>
   <subfield code="9">0-19-726053-5</subfield>
  </datafield>
  <datafield tag="035" ind1=" " ind2=" ">
   <subfield code="a">(DE-627)029417686</subfield>
  </datafield>
  <datafield tag="035" ind1=" " ind2=" ">
   <subfield code="a">(DE-576)9029417684</subfield>
  </datafield>
  <datafield tag="035" ind1=" " ind2=" ">
   <subfield code="a">(DE-599)GBV029417686</subfield>
  </datafield>
  <datafield tag="035" ind1=" " ind2=" ">
   <subfield code="a">(OCoLC)256157492</subfield>
  </datafield>
  <datafield tag="040" ind1=" " ind2=" ">
   <subfield code="a">DE-627</subfield>
   <subfield code="b">ger</subfield>
   <subfield code="c">DE-627</subfield>
   <subfield code="e">rakwb</subfield>
  </datafield>
  <datafield tag="041" ind1=" " ind2=" ">
   <subfield code="a">ger</subfield>
   <subfield code="a">eng</subfield>
   <subfield code="a">fre</subfield>
  </datafield>
  <datafield tag="044" ind1=" " ind2=" ">
   <subfield code="c">XA-CH</subfield>
   <subfield code="c">XA-DE</subfield>
   <subfield code="c">XA-DDDE</subfield>
  </datafield>
  <datafield tag="084" ind1=" " ind2=" ">
   <subfield code="a">LH 74000</subfield>
   <subfield code="2">rvk</subfield>
   <subfield code="0">(DE-625)rvk/94940:</subfield>
  </datafield>
  <datafield tag="084" ind1=" " ind2=" ">
   <subfield code="a">LO 62760</subfield>
   <subfield code="2">rvk</subfield>
   <subfield code="0">(DE-625)rvk/103995:</subfield>
  </datafield>
  <datafield tag="084" ind1=" " ind2=" ">
   <subfield code="a">21.12</subfield>
   <subfield code="2">bkl</subfield>
  </datafield>
  <datafield tag="245" ind1="1" ind2="0">
   <subfield code="a">Corpus vitrearum medii aevi</subfield>
   <subfield code="p">Great Britain</subfield>
   <subfield code="n">Vol. 3</subfield>
   <subfield code="p">York Minster</subfield>
   <subfield code="b">a catalogue of medieval stained glass</subfield>
   <subfield code="n">Fasc. 1</subfield>
   <subfield code="p">The west windows of the nave: wI, wII, nXXX, sXXXVI / Thomas French ... [Mitarb.]</subfield>
   <subfield code="c">Internationales Kunsthistorikerkomitee; Union Académique Internationale</subfield>
  </datafield>
  <datafield tag="264" ind1=" " ind2="1">
   <subfield code="a">London</subfield>
   <subfield code="b">Oxford Univ. Press</subfield>
   <subfield code="c">1987</subfield>
  </datafield>
  <datafield tag="300" ind1=" " ind2=" ">
   <subfield code="a">XXI. 96, 31 S</subfield>
   <subfield code="b">zahlr. Ill</subfield>
   <subfield code="e">2 Microfiches</subfield>
  </datafield>
  <datafield tag="336" ind1=" " ind2=" ">
   <subfield code="a">Text</subfield>
   <subfield code="b">txt</subfield>
   <subfield code="2">rdacontent</subfield>
  </datafield>
  <datafield tag="337" ind1=" " ind2=" ">
   <subfield code="a">ohne Hilfsmittel zu benutzen</subfield>
   <subfield code="b">n</subfield>
   <subfield code="2">rdamedia</subfield>
  </datafield>
  <datafield tag="338" ind1=" " ind2=" ">
   <subfield code="a">Band</subfield>
   <subfield code="b">nc</subfield>
   <subfield code="2">rdacarrier</subfield>
  </datafield>
  <datafield tag="500" ind1=" " ind2=" ">
   <subfield code="a">Literaturverz. S. XVII-XVIII</subfield>
  </datafield>
  <datafield tag="583" ind1="1" ind2=" ">
   <subfield code="a">Massenentsäuert</subfield>
   <subfield code="c">2018</subfield>
   <subfield code="k">DE-18</subfield>
   <subfield code="2">pdager</subfield>
   <subfield code="5">DE-18-308</subfield>
  </datafield>
  <datafield tag="583" ind1="1" ind2=" ">
   <subfield code="a">Archivierung prüfen</subfield>
   <subfield code="c">20240324</subfield>
   <subfield code="f">DE-4165</subfield>
   <subfield code="z">1</subfield>
   <subfield code="2">pdager</subfield>
  </datafield>
  <datafield tag="689" ind1="0" ind2="0">
   <subfield code="d">b</subfield>
   <subfield code="0">(DE-588)1053432-5</subfield>
   <subfield code="0">(DE-627)708663877</subfield>
   <subfield code="0">(DE-576)191458767</subfield>
   <subfield code="a">York Minster</subfield>
   <subfield code="2">gnd</subfield>
  </datafield>
  <datafield tag="689" ind1="0" ind2="1">
   <subfield code="d">s</subfield>
   <subfield code="0">(DE-588)4021177-0</subfield>
   <subfield code="0">(DE-627)106315099</subfield>
   <subfield code="0">(DE-576)208936653</subfield>
   <subfield code="a">Glasmalerei</subfield>
   <subfield code="2">gnd</subfield>
  </datafield>
  <datafield tag="689" ind1="0" ind2=" ">
   <subfield code="5">(DE-627)</subfield>
  </datafield>
  <datafield tag="700" ind1="1" ind2=" ">
   <subfield code="a">French, Thomas W.</subfield>
   <subfield code="0">(DE-588)1089168268</subfield>
   <subfield code="0">(DE-627)852988389</subfield>
   <subfield code="0">(DE-576)459870688</subfield>
   <subfield code="4">oth</subfield>
  </datafield>
  <datafield tag="710" ind1="2" ind2=" ">
   <subfield code="a">International Union of Academies</subfield>
   <subfield code="0">(DE-588)2014812-4</subfield>
   <subfield code="0">(DE-627)101843534</subfield>
   <subfield code="0">(DE-576)191689548</subfield>
   <subfield code="4">oth</subfield>
  </datafield>
  <datafield tag="710" ind1="2" ind2=" ">
   <subfield code="a">International Committee on the History of Art</subfield>
   <subfield code="0">(DE-588)2014707-7</subfield>
   <subfield code="0">(DE-627)101840047</subfield>
   <subfield code="0">(DE-576)191688797</subfield>
   <subfield code="4">oth</subfield>
  </datafield>
  <datafield tag="773" ind1="1" ind2="8">
   <subfield code="w">(DE-627)029417244</subfield>
   <subfield code="w">(DE-576)9029417242</subfield>
   <subfield code="g">[Great Britain], Vol. 3, Fasc. 1</subfield>
   <subfield code="q">gre,3,1.1987</subfield>
   <subfield code="7">nnnm</subfield>
  </datafield>
  <datafield tag="787" ind1="0" ind2="8">
   <subfield code="i">Rezensiert in</subfield>
   <subfield code="a">Orme, Nicholas</subfield>
   <subfield code="t">York Minster. A catalogue of medieval stained glass. Fasc. I. The West Windows of the Nave. By Thomas French and David O'Connor. (Corpus Vitrearum Medii Aevi. Great Britain, III.) Pp. xx + 96 with 31 plates, 73 text-figures, 2 microfiches. Oxford: Oxford University Press for the British Academy, 1987. £29.50. 0 19 726053 5</subfield>
   <subfield code="d">1988</subfield>
   <subfield code="w">(DE-627)1784706981</subfield>
  </datafield>
  <datafield tag="936" ind1="r" ind2="v">
   <subfield code="a">LH 74000</subfield>
   <subfield code="b">Allgemeine geschichtliche Darstellungen, Abbildungswerke zur Glasfenstermalerei insgesamt, Theorie etc.</subfield>
   <subfield code="k">Kunstgeschichte</subfield>
   <subfield code="k">Allgemeines. Allgemeine Kunstgeschichte</subfield>
   <subfield code="k">Kunstgeschichte einzelner Gattungen der Kunst</subfield>
   <subfield code="k">Glasfenstermalerei</subfield>
   <subfield code="k">Allgemeine geschichtliche Darstellungen, Abbildungswerke zur Glasfenstermalerei insgesamt, Theorie etc.</subfield>
   <subfield code="0">(DE-627)1270637991</subfield>
   <subfield code="0">(DE-625)rvk/94940:</subfield>
   <subfield code="0">(DE-576)200637991</subfield>
  </datafield>
  <datafield tag="936" ind1="r" ind2="v">
   <subfield code="a">LO 62760</subfield>
   <subfield code="b">Glasfenstermalerei in einzelnen Regionen Großbritanniens bzw. Irlands</subfield>
   <subfield code="k">Kunstgeschichte</subfield>
   <subfield code="k">Kunst nach Ländern bzw. Kontinenten</subfield>
   <subfield code="k">Großbritannien, Irland</subfield>
   <subfield code="k">Kunstgeschichte Großbritanniens und Irlands nach Gattungen</subfield>
   <subfield code="k">Glasfenstermalerei</subfield>
   <subfield code="k">Glasfenstermalerei in einzelnen Regionen Großbritanniens bzw. Irlands</subfield>
   <subfield code="0">(DE-627)1271250284</subfield>
   <subfield code="0">(DE-625)rvk/103995:</subfield>
   <subfield code="0">(DE-576)201250284</subfield>
  </datafield>
  <datafield tag="936" ind1="b" ind2="k">
   <subfield code="a">21.12</subfield>
   <subfield code="j">Glasmalerei</subfield>
   <subfield code="0">(DE-627)106406671</subfield>
  </datafield>
  <datafield tag="951" ind1=" " ind2=" ">
   <subfield code="a">MV</subfield>
  </datafield>
  <datafield tag="990" ind1=" " ind2=" ">
   <subfield code="a">York Minster</subfield>
  </datafield>
  <datafield tag="990" ind1=" " ind2=" ">
   <subfield code="a">Glasmalerei</subfield>
  </datafield>
  <datafield tag="991" ind1=" " ind2=" ">
   <subfield code="a">Rezensiertes Werk</subfield>
  </datafield>
  <datafield tag="999" ind1=" " ind2=" ">
   <subfield code="a">KXP-PPN029417686</subfield>
   <subfield code="e">405080302X</subfield>
  </datafield>
 </record>
</collection>
